000 01159nam0a22003131 4500
001 RU\INFOCOMM_327\NLR\5000011095
005 20250613103257.0
035 _a(NLR Aleph) 009462466
090 _a8475565
_c8475565
100 _a20121212d1988 |||y0rusy50 ca
101 0 _aeng
102 _aRU
105 _aa z |||||
200 1 _aDeuteron knock-out and virtual bound systems in Feynman graphs
_fV. M. Kolybasov
210 _aМосква
_cФиз. ин-т им. П. Н. Лебедева АН СССР
_d1988
215 _a30 с.
_cил.
_d20 см
225 1 _aPreprint
_fAcad. of sciences of the USSR, P. N. Lebedev phys. inst.
_v91
225 1 _aHigh energy physics and cosmic rays
_fDep. of theoretical nuclear physics
300 _aНа обл. надзаг. также на рус. яз.
320 _aБиблиогр.: с. 21
606 0 _aГрафы (мат.) Фейнманя
_2nlr_sh1
686 _aВ383.51
_2rubbk
700 1 _aKolybasov
_bV. M.
_gViktor Michajlovič
801 1 _aRU
_bNLR
_c20121212
801 0 _aRU
_bINFOCOMM
_gPSBO
852 _aNLR
_jФз01 Д-4/5154
942 _cBOOK
955 _aУточнить 606 поле
980 _aNB